Normal view
MARC view
Entry Personal Name
001 - CONTROL NUMBER
- control field: 16384
003 - CONTROL NUMBER IDENTIFIER
- control field: ARRUPE
005 - DATE AND TIME OF LATEST TRANSACTION
- control field: 20150313163645.0
008 - FIXED-LENGTH DATA ELEMENTS
- fixed length control field: 150313|| aca||aabn | a|a d
040 ## - CATALOGING SOURCE
- Original cataloging agency: ARRUPE
- Transcribing agency: ARRUPE
100 ## - HEADING--PERSONAL NAME
- Personal name: Robin Young Balch
670 ## - SOURCE DATA FOUND
- Source citation: Work cat.: (ARRUPE): Balch, J.F. 16381, Bottom line's drug alternatives , 2008